[Event "AUTO-OPEN-2431"]
[Site "http://www.queenalice.com/game.php?id=967761"]
[Date "2011.8.1"]
[Round "1"]
[White "vbarroso"]
[Black "Markus1234567"]
[Result "0-1"]
[WhiteElo "1603"]
[BlackElo "2004"]

1. e4 e5 2. Nf3 Nc6 3. Bc4 Bc5 4. c3 d6 5. d4 exd4 6. cxd4 Bb4+ 7. Bd2 Bg4 8.
Bxf7+ Kxf7 9. Bxb4 Nxb4 10. Qb3+ d5 11. Qxb4 dxe4 12. Ne5+ Ke8 13. Nxg4 Qd5 14.
Nc3 Qg5 15. Qb5+ Qxb5 16. Nxb5 Kd8 17. Ne5 Nh6 18. Rc1 c6 19. Nd6 Kc7 20. Ndf7
Nxf7 21. Nxf7 Rhf8 22. Ne5 Rad8 23. Rd1 Rf6 24. Ke2 Rfd6 25. Ke3 c5 0-1

[Event "AUTO-OPEN-2431"]
[Site "http://www.queenalice.com/game.php?id=967762"]
[Date "2011.8.1"]
[Round "1"]
[White "Markus1234567"]
[Black "vbarroso"]
[Result "1-0"]
[WhiteElo "1953"]
[BlackElo "1638"]

1. d4 Nf6 2. Nc3 d5 3. Bg5 Bf5 4. e3 e6 5. Bd3 h6 6. Bh4 Be7 7. Nf3 Bxd3 8. cxd3
O-O 9. Ne5 c5 10. dxc5 Bxc5 11. d4 Be7 12. f4 Nc6 13. O-O Nd7 14. Bg3 Qb6 15.
Nxd7 1-0

[Event "AUTO-OPEN-2431"]
[Site "http://www.queenalice.com/game.php?id=967765"]
[Date "2011.8.1"]
[Round "1"]
[White "vbarroso"]
[Black "johndavidtelker"]
[Result "1-0"]
[WhiteElo "1590"]
[BlackElo "1674"]

1. d4 d5 2. c4 c6 3. Nc3 Nf6 4. Nf3 e6 5. e3 a6 6. Bd3 Nbd7 7. O-O Be7 8. cxd5
exd5 9. Bd2 O-O 10. Qc2 g6 11. Rfc1 c5 12. dxc5 Nxc5 13. Ne2 Be6 14. Ned4 Nce4
15. Qc7 Qxc7 16. Rxc7 Rfe8 17. Nxe6 fxe6 18. Rac1 b5 19. Bxe4 Nxe4 20. Rb7 Nc5
21. Rxe7 Rxe7 22. Rxc5 1-0

[Event "AUTO-OPEN-2431"]
[Site "http://www.queenalice.com/game.php?id=967766"]
[Date "2011.8.1"]
[Round "1"]
[White "johndavidtelker"]
[Black "vbarroso"]
[Result "1-0"]
[WhiteElo "1703"]
[BlackElo "1630"]

1. d4 Nf6 2. c4 g6 3. Nc3 Bg7 4. Qc2 O-O 5. Nf3 d6 6. e3 e5 7. dxe5 dxe5 8. Nxe5
Re8 9. f4 Bf5 10. Qb3 Ne4 11. Nxe4 Bxe4 12. Nf3 Bxf3 13. gxf3 Qh4+ 14. Kd1 Qf2
15. Be2 Bd4 16. Rf1 Qxh2 17. Qxb7 Nd7 18. Qd5 Bxe3 19. Bxe3 Rxe3 20. Qxa8+ Nf8
21. Re1 Qxf4 22. Qd5 Ne6 23. a4 Nd4 24. Qa8+ Kg7 25. Qxa7 1-0

[Event "Let's Play Chess!"]
[Site "http://www.queenalice.com/game.php?id=967987"]
[Date "2011.8.2"]
[Round "-"]
[White "vbarroso"]
[Black "adelio"]
[Result "1-0"]
[WhiteElo "1535"]
[BlackElo "1629"]

1. e4 e5 2. Nf3 d6 3. Bc4 a6 4. O-O b5 5. Bb3 c5 6. c3 c4 7. Bc2 Nc6 8. a4 Bg4
9. d4 d5 10. axb5 axb5 11. Rxa8 Qxa8 12. exd5 Bxf3 13. Qxf3 Nd8 14. Re1 f6 15.
dxe5 Be7 16. exf6 Nxf6 17. d6 Qxf3 18. gxf3 Nc6 19. b3 g6 20. dxe7 Nxe7 21. Na3
Nd5 22. Nxb5 O-O 23. bxc4 Nxc3 24. Nxc3 Nc6 25. Bh6 Rd8 26. Nd5 Rc8 27. Ne7+
Nxe7 28. Rxe7 Ra8 29. Be4 Ra1+ 30. Kg2 Rd1 31. Bd5+ Rxd5 32. cxd5 g5 33. d6 g4
34. d7 gxf3+ 35. Kxf3 Kh8 36. d8=R# 1-0

[Event "AUTO-INT-2127"]
[Site "http://www.queenalice.com/game.php?id=978161"]
[Date "2011.8.28"]
[Round "1"]
[White "yugioh1"]
[Black "vbarroso"]
[Result "1-0"]
[WhiteElo "1584"]
[BlackElo "1529"]

1. d4 Nf6 2. c4 c5 3. d5 e6 4. Nc3 exd5 5. cxd5 d6 6. Bf4 Be7 7. e4 O-O 8. Nf3
Bg4 9. Be2 Qb6 10. Qc2 Nbd7 11. h3 1-0

[Event "AUTO-INT-2127"]
[Site "http://www.queenalice.com/game.php?id=978162"]
[Date "2011.8.28"]
[Round "1"]
[White "vbarroso"]
[Black "yugioh1"]
[Result "0-1"]
[WhiteElo "1555"]
[BlackElo "1569"]

1. c4 c5 2. Nc3 Nc6 3. g3 Nf6 4. Bg2 g6 5. Nf3 Bg7 6. O-O O-O 7. d4 cxd4 8. Nxd4
Nxd4 9. Qxd4 d6 10. Qd3 Bf5 11. Qf3 Qd7 12. Qxb7 Qxb7 0-1

[Event "AUTO-INT-2127"]
[Site "http://www.queenalice.com/game.php?id=978177"]
[Date "2011.8.28"]
[Round "1"]
[White "Edder"]
[Black "vbarroso"]
[Result "1-0"]
[WhiteElo "1436"]
[BlackElo "1414"]

1. e4 c6 2. d4 d5 3. Nc3 dxe4 4. Nxe4 Bf5 5. Ng3 Bg6 6. N1e2 Nf6 7. Bg5 Nbd7 8.
Bxf6 Nxf6 9. Nf4 e6 10. a4 Qb6 11. Ra2 O-O-O 12. Qe2 Bb4+ 13. c3 Bxc3+ 14. bxc3
Qb1+ 15. Qd1 Qxa2 16. Nfe2 c5 17. Nc1 Qa3 18. Nge2 1-0

[Event "AUTO-INT-2127"]
[Site "http://www.queenalice.com/game.php?id=978178"]
[Date "2011.8.28"]
[Round "1"]
[White "vbarroso"]
[Black "Edder"]
[Result "0-1"]
[WhiteElo "1395"]
[BlackElo "1451"]

1. d4 Nc6 2. e4 e5 3. d5 Bb4+ 4. Nc3 Bxc3+ 5. bxc3 Na5 6. Nf3 Qe7 7. Bb5 c6 8.
d6 Qf6 9. Bg5 Qg6 10. Be2 Qxe4 11. O-O f6 12. Be3 g5 13. Nd2 Qd5 14. h4 gxh4 15.
Bh5+ Kd8 0-1